Department of Energy research and development programs--fiscal year 1987 : hearings before the Subcommittee on Energy Research and Development of the Committee on Energy and Natural Resources, United States Senate, Ninety-ninth Congress, second session, on the Department of Energy research and development programs, March 17, April 29, May 5, and June 23, 1986.

Bibliographic Details
Corporate Authors: United States. Congress. Senate. Committee on Energy and Natural Resources. Subcommittee on Energy Research and Development, ProQuest (Firm)
Format: Government Document eBook
Language:English
Published: Washington : U.S. G.P.O., 1986.
Series:U.S. Congressional Hearings.
Subjects:
Online Access:Connect to the full text of this electronic book

MARC

Tag First Indicator Second Indicator Subfields
LEADER 00000cam a22000001a 4500
001 in00003215134
006 m d f
007 cr bn mmmapmmp
008 091020s1986 dcua ob f000 0 eng d
005 20260504145248.8
035 |a cis2007452623 
040 |a UMI  |c UMI  |d UtOrBLW 
043 |a n-us--- 
074 |a 1040-A, 1040-B (microfiche) 
086 0 |a Y 4.En 2:S.hrg.99-883 
099 |a HRG-1986-NAR-0048 
110 1 |a United States.  |b Congress.  |b Senate.  |b Committee on Energy and Natural Resources.  |b Subcommittee on Energy Research and Development. 
245 1 0 |a Department of Energy research and development programs--fiscal year 1987 :  |b hearings before the Subcommittee on Energy Research and Development of the Committee on Energy and Natural Resources, United States Senate, Ninety-ninth Congress, second session, on the Department of Energy research and development programs, March 17, April 29, May 5, and June 23, 1986. 
264 1 |a Washington :  |b U.S. G.P.O.,  |c 1986. 
300 |a 1 online resource. 
336 |a text  |b txt  |2 rdacontent 
337 |a computer  |b c  |2 rdamedia 
338 |a online resource  |b cr  |2 rdacarrier 
490 1 |a S. hrg. ;  |v 99-883 
500 |a Record is based on bibliographic data in ProQuest Congressional Hearings Digital Collection. Reuse except for individual research requires license from ProQuest, LLC. 
504 |a Includes bibliographical references. 
538 |a System requirements: PDF reader software. 
500 |a Electronic resource. 
610 1 0 |a United States.  |b Department of Energy  |x Appropriations and expenditures. 
650 0 |a Energy development  |z United States  |x Finance. 
650 0 |a Research and development contracts, Government  |z United States. 
655 7 |a Electronic books.  |2 local 
710 2 |a ProQuest (Firm) 
776 0 8 |i Print version:  |a United States. Congress. Senate. Committee on Energy and Natural Resources. Subcommittee on Energy Research and Development.  |t Department of Energy research and development programs--fiscal year 1987  |w (OCoLC)14974276  |w gp 87005543 
776 0 8 |i Microfiche version:  |a United States. Congress. Senate. Committee on Energy and Natural Resources. Subcommittee on Energy Research and Development.  |t Department of Energy research and development programs--fiscal year 1987.  |d [Bethesda, Md.] : ProQuest,[2004]  |o CIS 87 S311-7  |w (ProQuest)cis08701919 
810 1 |a United States.  |b Congress.  |b Senate.  |t S. hrg. ;  |v 99-883. 
830 0 |a U.S. Congressional Hearings. 
856 4 0 |u http://proxy.library.tamu.edu/login?url=https://congressional.proquest.com/congcomp/getdoc?HEARING-ID=HRG-1986-NAR-0048  |z Connect to the full text of this electronic book  |t 0 
998 |a cis08701919 
999 |a MARS 
999 f f |s ccef148f-116f-3382-a13e-2dcabbe5418a  |i 0bac6ce5-92e7-367b-8a98-e58e635999aa  |t 0 
952 f f |a Texas A&M University  |b College Station  |c Electronic Resources  |s www_evans  |d Available Online  |t 0  |e HRG-1986-NAR-0048  |h Other scheme 
998 f f |a HRG-1986-NAR-0048  |t 0  |l Available Online